Building decent societies (Record no. 222972)
[ view plain ]
| 000 -LEADER | |
|---|---|
| fixed length control field | 01923nam a2200409 a 4500 |
| 082 04 - DEWEY DECIMAL CLASSIFICATION NUMBER | |
| Classification number | 362.58091724 |
| 245 00 - TITLE STATEMENT | |
| Title | Building decent societies |
| 260 ## - PUBLICATION, DISTRIBUTION, ETC. (IMPRINT) | |
| Place of publication | New York : |
| Name of publisher | Palgrave Macmillan ; |
| Place of publication | Geneva [Switzerland] : |
| Name of publisher | International Labour Organization, |
| Year of publication | 2009. |
| 300 ## - PHYSICAL DESCRIPTION | |
| Number of Pages | xxii, 386 p. : |
| Other physical details | ill. |
| 505 0# - FORMATTED CONTENTS NOTE | |
| Formatted contents note | pt. 1. The right to social security and national development -- pt. 2. Issues for the global society of the twenty-first century -- pt. 3. Social protection in Europe and the OECD -- pt. 4. Experiences from low-income countries -- pt. 5. Conclusions. |
| 650 #0 - SUBJECT ADDED ENTRY--TOPICAL TERM | |
| Topical Term | Poverty |
| Topical Term | Poverty |
| Topical Term | Income maintenance programs |
| 700 1# - ADDED ENTRY--PERSONAL NAME | |
| Personal name | Townsend, Peter, |
| 856 40 - ELECTRONIC LOCATION AND ACCESS | |
| Uniform Resource Identifier | http://site.ebrary.com/lib/rucke/Doc?id=10512009 |
No items available.
